| 000 | 00730nam a22001937a 4500 | ||
|---|---|---|---|
| 003 | OSt | ||
| 005 | 20240527083817.0 | ||
| 008 | 240524b ||||| |||| 00| 0 eng d | ||
| 040 | _cAIMIT LIBRARY | ||
| 100 |
_aAftab, Mohammed. _e2016083 _9167492 |
||
| 245 |
_aStudy on credit risk management with reference to shiroor co operative credit society Ltd / _cBy Mohammrd Aftab ; Guided by Pooja Nagpal. |
||
| 260 |
_aShiruru ; _c2022. |
||
| 650 |
_aIndustry profile company profile introduction to study _9167789 |
||
| 650 |
_aResearch methodology _9167790 |
||
| 650 |
_aData analysis and interpretation _9167791 |
||
| 700 |
_aNagpal, Pooja. _9167493 _eGuide |
||
| 856 | _3Shiroor co operative credit society Ltd | ||
| 942 |
_2ddc _cPRO |
||
| 999 |
_c230923 _d230923 |
||